000 00689cam a2200229 a 4500
001 13485235
005 20251104163707.0
008 040209s2004 njua b 001 0 eng
020 _a0131425730
020 _a9780131425736
050 0 0 _aTA174
_b.E23 2004
082 0 0 _a620/.0042/0222
_222
100 1 _aEarle, James H.
245 1 0 _aEngineering design graphics :
_bAutoCAD 2004 /
_cJames H. Earle.
250 _a11th ed.
260 _aUpper Saddle River, N.J. :
_bPearson/Prentice Hall,
_cc2004.
300 _axvi, 752, 48, 14 p. :
_bill. ;
_c25 cm.
500 _aIncludes index.
650 0 _aEngineering design.
650 0 _aEngineering graphics.
942 _2lcc
_cBK
_e11th ed.
_n0
999 _c8028
_d8028